000
00279nam a2200097Ia 4500
008
220204s9999 xx 000 0 und d
082
_a
331:061.1(100)
_b
ILO
245
0
_a
International institute of labour studies
260
_a
Geneva
_b
Intl Inst of Labour studies
_c
1966
942
_c
BK
999
_c
22109
_d
22109